<?xml version="1.0" encoding="UTF-8"?>
<collection xmlns:xsi="http://www.w3.org/2001/XMLSchema-instance" xsi:schemaLocation="http://www.loc.gov/MARC21/slim http://www.loc.gov/standards/marcxml/schema/MARC21slim.xsd" xmlns="http://www.loc.gov/MARC21/slim">
 <record>
  <leader>00000cab a22000004cb4500</leader>
  <controlfield tag="001">IPP-00000241971</controlfield>
  <controlfield tag="003">IPP</controlfield>
  <controlfield tag="005">20171005090428.0</controlfield>
  <controlfield tag="008">171005s2016    xx     d | ||r |||||eng||</controlfield>
  <datafield tag="041" ind1="#" ind2="#">
   <subfield code="a">eng</subfield>
  </datafield>
  <datafield tag="100" ind1="1" ind2="#">
   <subfield code="a">Madrid, Val Randolph M.</subfield>
  </datafield>
  <datafield tag="245" ind1="1" ind2="0">
   <subfield code="a">Exploring utility of formal concept analysis approach to coral reef assessment</subfield>
  </datafield>
  <datafield tag="264" ind1="#" ind2="1">
   <subfield code="c">2016</subfield>
  </datafield>
  <datafield tag="300" ind1="#" ind2="#">
   <subfield code="b">illustrations</subfield>
  </datafield>
  <datafield tag="520" ind1="#" ind2="#">
   <subfield code="a">This study explored the use of formal concept analysis (FCA), a data mining technique, to analyze coral reef transect data (in terms of life forms) and comparing its results to the standard assessment analysis. Utilizing the quadrat-life form as the object-attribute pair, the results derived from the context was analyzed to assess the coral reefs in the study site which consisted of three stations. Data from Station 1 and Station 2 showed the dominance of Acropora digitate and Acropora branching life forms, respectively. Some life forms were absent from both Station 1 and 2 but all life forms were present in Station 3 with eight life forms having the highest occurrence. Station 3 had the highest diversity of life forms while Station 2 had the highest live coral cover. This study showed how FCA can be used to generate new knowledge from transect data that can be verified by traditional coral reef assessment results, a possible complement to standard coral reef assessment analytical tools. FCA approach shines when it deals with large data sets from many different sources, which may pave for data- driven ecological assessment analysis studies such as those already being done for agriculture.</subfield>
  </datafield>
  <datafield tag="650" ind1="1" ind2="0">
   <subfield code="a">Coral reefs and islands</subfield>
   <subfield code="x">Assessment</subfield>
  </datafield>
  <datafield tag="700" ind1="1" ind2="#">
   <subfield code="a">Lactuan, Lei Kristoffer</subfield>
  </datafield>
  <datafield tag="700" ind1="1" ind2="#">
   <subfield code="a">Corral, Jonel M.</subfield>
  </datafield>
  <datafield tag="773" ind1="0" ind2="#">
   <subfield code="t">Journal of Environmental Science and Management</subfield>
   <subfield code="g">(2016), 47-57</subfield>
  </datafield>
  <datafield tag="942" ind1="#" ind2="#">
   <subfield code="a">Article</subfield>
  </datafield>
  <datafield tag="950" ind1="#" ind2="#">
   <subfield code="a">FI</subfield>
  </datafield>
 </record>
</collection>
